00978nam a2200241Ia 4500003000400000005001700004008004100021020001800062040001800080041000800098082002100106100002700127245012600154250001200280260007000292300002800362650003200390650004900422650004300471942003400514999001900548952016900567OSt20230926112945.0210716s2011 xx 000 0 und d a9789350234266 cAIMIT LIBRARY aeng a005.13 21bPART aParr, Terence.9135169 aLanguage implementation patterns: bcreate your own domain specific and general programming languages /cBy Terence Parr. a1st ed. aNew Delhi :bShroff Publishers and Distributors Pvt Ltd ,c2011. axix,374p. ;bPBc23 cm. aAnalyzing languages9135170 aTranslating and generating languages9135171 aGenerating DSLs with templates9135172 2ddccBKe1st ed.k005.13 PART c192545d192545 00102ddc40708MCAaAIMITbAIMITeKnowledge Worldg600.00iBill no:16/12-13; Bill dt:2012-0l0o005.13 PARTpMCA12053r2025-07-21 00:00:00v450.00w2021-07-16yBK